000 00684nam a2200229 a 4500
001 000021752
005 20200930011433.0
008 100910s1992 cu 000 f spa d
040 _aDO-SdBNP
_bspa
_cBNPHU
082 _aCh863.44
_bD687e
100 1 _aDonoso, José,
_d1924-1996
_921513
245 1 0 _aEste domingo /
_cJosé Donoso ; edición de Dania Pérez Rubio.
260 _aLa Habana, Cuba :
_bArte y Literatura,
_c1992.
300 _a251, [2] p. ;
_c18 cm.
490 1 _aBolsilibros
650 4 _aNovela chilena
_93163
650 4 _aLiteratura chilena
_93164
700 1 _aPérez Rubio, Dania,
_eed.
_95482
830 0 _aBolsilibros
_923397
910 _aWM
049 _aBNGR
999 _c21251
_d21251